000 00681nam a2200289Ia 4500
005 20260324120603.0
008 008 260324s9999 xx 000 0 eng d
020 _a9780203789803
037 _aEBOOK
040 _aCRL
040 _beng
040 _cCRL
041 _2eng
041 _aeng
084 _qCRL
100 _aAmitai Etzioni
_91158624
245 0 _aHot Spots
245 0 _bAmerican Foreign Policy in a Post-Human-Rights World
260 _bTaylor and Francis
260 _c2015
365 _a
365 _b205
856 _uhttp://www.taylorfrancis.com/books/9780203789803
942 _cEBOOK
999 _c1750783
_d1750783